Melhorar a Prática Profissional (Registo nº 1272)
[ vista simples ]
| 000 -Etiqueta do registo | |
|---|---|
| Cabeçalho | 00728nam0a2200229 4500 |
| 005 - Identificador da versão | |
| Campo de controlo | 20240822202926.0 |
| 010 ## - Número internacional normalizado dos livros (ISBN) | |
| Número (ISBN) | 9789727670161 |
| 021 ## - Número do Depósito Legal | |
| Código do país | PT |
| Número | 317 896/10 |
| 100 ## - Dados gerais de processamento | |
| Dados gerais de processamento | 20110506d2010 m y0pory5003 ba |
| 101 1# - Língua de publicação | |
| Língua do texto, banda sonora, etc. | Português |
| Língua do documento no original | Inglês |
| 102 ## - Pais de publicação ou produção | |
| País de publicação | Portugal |
| 105 ## - Campo de dados codificados: livros | |
| Dados codificados dos livros | y z 001yy |
| 106 ## - Campo de dados codificados: material textual | |
| Dados codificados do material textual | r |
| 200 1# - Titulo e menção de responsabilidade | |
| Título próprio | Melhorar a Prática Profissional |
| Informação de outro título | Um quadro de referência para a docência |
| Primeira menção de responsabilidade | Charlotte Danielson |
| Outras menções de responsabilidade | trad. Maria do Céu Roldão |
| 210 ## - Publicação, Distribuição, etc. | |
| Lugar da edição, distribuição, etc. | Lisboa |
| Nome do editor, distribuidor, etc. | ministério da Educação |
| Data da publicação, distribuição, etc. | 2010 |
| 215 ## - Descrição física | |
| Indicação específica da natureza do documento e extensão da espécie | 199 p. |
| 304 ## - Notas relativas a título e menção de responsabilidade | |
| Texto da nota | Tít. orig.: Enhancing Professional Practise - A Framework for teaching |
| 700 #1 - Nome de autor-pessoa física (responsabilidade principal) | |
| Número de registo de entrada de autoridade | 0001786 |
| Palavra de ordem | Danielson |
| Outra parte do nome não tomada para palavra de ordem | Charlotte |
| 701 #1 - Nome de autor-pessoa física (co-responsabilidade principal) | |
| Palavra de ordem | Roldão |
| Outra parte do nome não tomada para palavra de ordem | Maria do Céu |
| Código de função | Tradutor |
| 942 ## - Elementos de entrada adicionados (Koha) | |
| Tipo de item no Koha | Livro |
| Situação do levantamento | Origin of item (home branch) (coded) | Biblioteca de empréstimo | Código de barras | Cota | Circulation type (not for loan) | Tipo de documento | Nota do exemplar | Damaged status |
|---|---|---|---|---|---|---|---|---|
| Biblioteca Escolar Eng. Nuno Mergulhão | Biblioteca Escolar Eng. Nuno Mergulhão | BENM2688 | 374 DAN | Livro | Sem mensagem |
